000 01103cam a22003257a 4500
003 CHAP
005 20220329133908.0
008 971013s1991 r 00010 d
010 _a12382
011 _a13354
035 _a17425
040 _cCHAP
082 _a036
_bA5p
245 0 _aAnuario de los protagonistas
260 _aBarcelona :
_bDifusora Internacional, S.A.,
_c1991-19 .
300 _av.
_b: ilus.
500 _aContinua como: Anuario de los Temas y sus Protagonistas.
500 _aLa biblioteca tiene : 1990, 1991, 1992.
590 _aBATCH-UPD
_b10
_c20130110
_lUCH01
_h1802
590 _aBATCH-UPD
_b10
_c20130410
_lUCH01
_h1137
590 _aBATCH-UPD
_b10
_c20130914
_lUCH01
_h0630
590 _aCONVERSION
_b10
_c20130109
_lUCH01
_h1308
650 1 4 _aBiografĂ­a.
_912746
650 1 4 _aEnciclopedias y diccionarios.
_936750
901 _aBK
942 _cLIBRO
949 _a036 A5p
_bBC
_cC
_d33724000464459
_eC
_f1990
_h86616
_i17425
_si
949 _a036 A5p
_bBC
_cC
_d33724000464574
_eC
_f1992
_h86619
_i17425
_si
949 _a036 A5p
_bBC
_cMUT
_d33724000464566
_eMUT
_f1991
_h86618
_i17425
_si
999 _c12382
_d12382